000 00622nam a2200169 a 4500
001 000037564
005 20200930080436.0
008 120501s1987 dr 000 0 spa d
020 _a8400066499
040 _aDO-SdBNP
_bspa
_cBNPHU
100 1 _aAguilar Piñal, Aguilar
_964018
245 1 3 _aUn escritor ilustrado :
_bCándido María Trigueros /
_cFrancisco Aguilar Piñal.
260 _aMadrid :
_bConsejo Superior de Investigaciones Científicas, Instituto de Filología,
_c1987.
300 _a370 p. ;
_c25 cm.
500 _aIncluye índice
500 _aIncluye referencias bibliográficas y notas al pie de las páginas
999 _c37054
_d37054